Juventud popular urbana y nuevo clima cultural: una aproximación

Enregistré dans:
Détails bibliographiques
Auteur principal: Auyero, Javier
Format: Texte
Publié: Buenos Aires: Fundación del Sur
Sujets:
Tags: Ajouter un tag
Pas de tags, Soyez le premier à ajouter un tag!

MARC

LEADER 00000 a a2200000 04500
001 19338
003
040
090 |a 145700  
100 |a Auyero, Javier  
245 |a Juventud popular urbana y nuevo clima cultural: una aproximación  
260 |a Buenos Aires:   |b Fundación del Sur  
300 |a 51 p.  
650 |a JUVENTUD  
650 |a IDENTIDAD CULTURAL  
650 |a CULTURA  
650 |a JUVENTUD URBANA  
999 |c 10259  |d 10259